| 000 | 00490nam a2200205Ia 4500 | ||
|---|---|---|---|
| 003 | OSt | ||
| 005 | 20140425133050.0 | ||
| 008 | 140130s9999 xx 000 0 und d | ||
| 020 | _a9780516240282 | ||
| 050 |
_aGV 903.5 _b.Ec35 2002 |
||
| 100 | _aEckart, Edana | ||
| 245 |
_aI can bowl / _cEdana Eckart. |
||
| 260 |
_bScholastic, _c2002. _aNew York : |
||
| 300 |
_a24 p. : _bcol. ill. ; _c13 cm. |
||
| 440 | _v1 | ||
| 521 | _aG1 | ||
| 526 | _c140 | ||
| 942 |
_cBK _2lcc |
||
| 999 |
_c39863 _d39863 |
||